000 00245nam a2200097Ia 4500
001 805675
005 20250826171157.0
008 250824s9999 xx 000 0 und d
245 0 _aALPER TUNGA
_cAHMET HALDUN TERZİOĞLU
260 _bPANAMA YAYINLARI
999 _c805675
_d805675